000 00311nam a22001217a 4500
008 190316b xxu||||| |||| 00| 0 eng d
041 _aeng
080 _a043.3
100 _a0
101 _aSHKI-BA
245 _aAnalizimi, planifikimi dhe zhvillimi i sistemit e-learning ne shqip
_cBokshi, B
942 _2udc
_cBK
999 _c54871
_d54871